Frau im fascistischen Italien. (Record no. 6406)

MARC details
000 -LEADER
fixed length control field 00587cam a22002051 4500
001 - CONTROL NUMBER
control field af 48005215
003 - CONTROL NUMBER IDENTIFIER
control field DLC
005 - DATE AND TIME OF LATEST TRANSACTION
control field 20260227110912.0
008 - FIXED-LENGTH DATA ELEMENTS--GENERAL INFORMATION
fixed length control field 810506s1934 gw ac 000 0 ger c
010 ## - LIBRARY OF CONGRESS CONTROL NUMBER
LC control number af 48005215
035 ## - SYSTEM CONTROL NUMBER
System control number (OCoLC)7397030
040 ## - CATALOGING SOURCE
Original cataloging agency Columbia Univ. Libraries
Transcribing agency NBuU
Modifying agency NBuU
-- DLC
042 ## - AUTHENTICATION CODE
Authentication code premarc
050 00 - LIBRARY OF CONGRESS CALL NUMBER
Classification number HQ1638
Item number .D5
100 1# - MAIN ENTRY--PERSONAL NAME
Personal name Diel, Louise,
Dates associated with a name 1893-
245 00 - TITLE STATEMENT
Title Frau im fascistischen Italien.
Statement of responsibility, etc. Mit 56 Bildern in Kupfertiefdruck.
260 ## - PUBLICATION, DISTRIBUTION, ETC.
Place of publication, distribution, etc. Berlin,
Name of publisher, distributor, etc. R. Hobbing
Date of publication, distribution, etc. [1934]
300 ## - PHYSICAL DESCRIPTION
Extent 168 p.
Other physical details illus., ports.
Dimensions 24 cm.
650 #0 - SUBJECT ADDED ENTRY--TOPICAL TERM
Topical term or geographic name entry element Women
Geographic subdivision Italy.

No items available.

Powered by Koha